Fr. Conceicao Rodrigues College of Engineering

Communication skills: A workbook (Record no. 35907)

MARC details
000 -LEADER
fixed length control field 00253 a2200109 4500
000 - LEADER
fixed length control field nam a22 7a 4500
020 ## - INTERNATIONAL STANDARD BOOK NUMBER
International Standard Book Number 0199488800
100 ## - MAIN ENTRY--PERSONAL NAME
Personal name Sanjay kumar
9 (RLIN) 69
245 ## - TITLE STATEMENT
Title Communication skills: A workbook
260 ## - PUBLICATION, DISTRIBUTION, ETC.
Name of publisher, distributor, etc. oxford
Date of publication, distribution, etc. 2018
264 ## - PRODUCTION, PUBLICATION, DISTRIBUTION, MANUFACTURE, AND COPYRIGHT NOTICE
Name of producer, publisher, distributor, manufacturer oxford

No items available.